| 000 | 00913nam a22002537a 4500 | ||
|---|---|---|---|
| 999 |
_c19303 _d19303 |
||
| 003 | AR-CdUCM | ||
| 008 | 190517b ||||| |||| 00| 0 spa d | ||
| 040 |
_aMUNICIPALIDAD PROVINCIAL DEL CUSCO _cBIBLIOTECA MUNICIPAL DEL CUSCO |
||
| 041 | _heng | ||
| 082 |
_a539.76 / _bEF27 |
||
| 100 |
_aEfron, Alexander _939994 |
||
| 245 | _aEl mundo de la energía nuclear / | ||
| 260 |
_aBuenos Aires : _bBell, _c1971. |
||
| 300 |
_aVI, 95 páginas ; _bretratos, figuras, _c23 cm. |
||
| 505 | _aContenido: Anatomía de la materia -- Introducción al átomo -- Energía nuclear -- Un enfoque mas avanzado del átomo. | ||
| 650 |
_aEnergía atómica _940566 |
||
| 650 |
_aFísica nuclear _919447 |
||
| 650 |
_aÁtomos _918683 |
||
| 700 |
_aJauregui, Jorge R. (traducción) _940567 |
||
| 710 |
_aCentro Regional de Ayuda Técnica _910048 |
||
| 710 |
_aA.D.I. _940568 |
||
| 942 |
_2ddc _cLIBROS |
||
| 945 |
_aachl _d2019-05-17 |
||